000
00273nam a22001217a 4500
008
171016b xxu||||| |||| 00| 0 eng d
041
_a
eng
080
_a
33
100
_a
52
101
_a
ECO
245
_a
THE AMERICAN ECONOMIC SYSTEM
_c
SALVADORI.V
942
_2
udc
_c
BK
999
_c
34038
_d
34038